Movies Quiz

Random Movies or Actor Quiz
Score 0/37 Timer 08:00
0 Plays Today
Cryptic Clue + Number of Movies The Actor % Correct
YVAM (2 movies)Yvonne Buckingham
72.2%
PETT (2 movies)Peter Elliott
72.2%
IANG (4 movies)Ian Fleming
72.2%
ROAN (5 movies)Robert Raglan
72.2%
ROES (2 movies)Robert Raikes
72.2%
MAON (7 movies)Mark Singleton
72.2%
CDEN (3 movies)C. Denier Warren
72.2%
SUNT (2 movies)Susan Beaumont
66.7%
ARLL (4 movies)Arnold Bell
66.7%
JAAD (2 movies)Jan Conrad
66.7%
DIRY (2 movies)Dick Emery
66.7%
JAIM (2 movies)Jack Gwillim
66.7%
JAEN (2 movies)Jan Holden
66.7%
RORD (2 movies)Ronald Howard
66.7%
JOIN (2 movies)John Martin
66.7%
MIKE (2 movies)Michael Peake
66.7%
GECK (2 movies)George Roderick
66.7%
BAAM (2 movies)Basil Dignam
61.1%
TOAN (2 movies)Tony Doonan
61.1%
Cryptic Clue + Number of Movies The Actor % Correct
CHGG (2 movies)Christina Gregg
61.1%
FRWS (2 movies)Francis Matthews
61.1%
HAND (3 movies)Hal Osmond
61.1%
ANRS (2 movies)Anton Rodgers
61.1%
RATT (2 movies)Raymond Rollett
61.1%
DEAW (5 movies)Denis Shaw
61.1%
GONE (2 movies)Gordon Sterne
61.1%
NETT (2 movies)Neil Hallett
55.6%
NYER (2 movies)Nyree Dawn Porter
55.6%
NOAY (2 movies)Norman Rodway
55.6%
BRKE (2 movies)Brian Weske
55.6%
ROIS (2 movies)Rolf Harris
50%
GERT (3 movies)Geoffrey Hibbert
50%
ANAS (2 movies)Angela Douglas
44.4%
CANG (2 movies)Carl Duering
44.4%
TOOR (2 movies)Totti Truman Taylor
27.8%
KARD (4 movies)Kay Callard
22.2%
JAEY (2 movies)Jacques Cey
11.1%
Remove Ads.
Support Sporcle.
Get the best of Sporcle when you Go Orange. This ad-free experience offers more features, more stats, and more fun while also helping to support Sporcle. Thank you for becoming a member.

You're not logged in!

Compare scores with friends on all Sporcle quizzes.
OR
Log In

Show Comments

Extras

Top Quizzes Today


Score Distribution

Your Account Isn't Verified!

In order to create a playlist on Sporcle, you need to verify the email address you used during registration. Go to your Sporcle Settings to finish the process.

Report this User

Report this user for behavior that violates our Community Guidelines.

Details: